000 00290nam a22001337a 4500
008 170323b xxu||||| |||| 00| 0 eng d
020 _a9780763700607
041 _aeng
080 _23RD
_a616.9
100 _a8
101 _aSHM
245 _aEPIDEMIOLOGY
_cTIMMRECK, TH.C
942 _2udc
_cBK
999 _c8521
_d8521